00771nam a22001817a 4500003000400000005001700004008004100021040001400062100006500076245013200141260001000273300003300283500011100316504002700427942001600454999001500470952010400485OSt20171010095439.0120606t xxu||||| |||| 00| 0 eng d aMMSUcULS aBallesteros, Melanie Cecilia M., Ibe, Tiffany Rose I.910006 aA LAN-based accounting system for the Ilocos Norte Water District (INWD) cMelanie Cecilia M. Ballesteros, Tiffany Rose I. Ibe  c2007  axvii, [166] leaves c28 cm.  aThesis (BS Computer Sciences) -- Mariano Marcos State University-College of Arts and Sciences, Batac City  aBibliography: leaf 80  2ddccTHEDIS c9533d9533 00102lcc4070aREFbREFd2012-06-06l0p3326-Unr2017-10-10w2017-10-10yTHEDISzLibrary Use only